[Event "Ruhrgebiet Verbandsbezirksliga Gr 1"]
[Site "Ruhrgebiet"]
[Date "2018.12.16"]
[Round "4.2"]
[White "Rybicki, Hans"]
[Black "Roeller, Bernhard"]
[Result "1/2-1/2"]
[WhiteElo "1756"]
[BlackElo "1795"]
[PlyCount "67"]
[EventDate "2018.09.30"]
[EventType "team-tourn"]
[EventRounds "9"]
[EventCountry "GER"]
[SourceTitle "EXT 2022"]
[Source "ChessBase"]
[SourceDate "2021.10.06"]
[SourceVersion "1"]
[SourceVersionDate "2021.10.06"]
[SourceQuality "1"]
[WhiteTeam "Kamen SV III"]
[BlackTeam "Hamm SG Caissa"]
[WhiteTeamCountry "GER"]
[BlackTeamCountry "GER"]

1. e4 c5 2. Nf3 Nc6 3. d3 e6 4. g3 d6 5. Bg2 Nf6 6. 0-0 Be7 7. Nbd2 h6 8. c3 Rb8 9. Re1 Qc7 10. Nf1 0-0 11. a3 a5 12. Bd2 b6 13. b4 d5 14. b5 Na7 15. a4 dxe4 16. dxe4 Rd8 17. Qc2 Ne8 18. Rad1 Bb7 19. Bf4 Bd6 20. e5 Bf8 21. h4 Rxd1 22. Rxd1 Rd8 23. Ne3 Nc8 24. Nc4 Be4 25. Qe2 Bd5 26. Ncd2 Ba8 27. c4 Ne7 28. Nf1 Nf5 29. Rxd8 Qxd8 30. Qd2 Qe7 31. Ne3 Nxe3 32. Qxe3 Qd7 33. Qd2 Qe7 34. Qd3 1/2-1/2

[Event "Ruhrgebiet Bezirksliga 17/18"]
[Site "Ruhrgebiet"]
[Date "2017.09.17"]
[Round "2.3"]
[White "Rotter, Christian"]
[Black "Roeller, Bernhard"]
[Result "1/2-1/2"]
[WhiteElo "1636"]
[BlackElo "1801"]
[PlyCount "89"]
[EventDate "2017.09.03"]
[EventType "team-tourn"]
[EventRounds "9"]
[EventCountry "GER"]
[SourceTitle "EXT 2022"]
[Source "ChessBase"]
[SourceDate "2021.10.06"]
[SourceVersion "1"]
[SourceVersionDate "2021.10.06"]
[SourceQuality "1"]
[WhiteTeam "Kamen SV III"]
[BlackTeam "Hamm SG Caissa"]
[WhiteTeamCountry "GER"]
[BlackTeamCountry "GER"]

1. Nf3 d5 2. d4 Nf6 3. g3 e6 4. Bg2 Be7 5. 0-0 h6 6. Bf4 Nbd7 7. Nbd2 b6 8. Ne5 Bb7 9. c4 0-0 10. Ndf3 Bd6 11. Qc1 Qe7 12. a3 dxc4 13. Qxc4 Bd5 14. Qc1 Ne8 15. b4 Bxe5 16. Nxe5 Bxg2 17. Kxg2 Nxe5 18. dxe5 Rc8 19. Qc6 g5 20. Bd2 Ng7 21. g4 Rfd8 22. Bc3 Qd7 23. Qxd7 Rxd7 24. Rfd1 Rcd8 25. Rxd7 Rxd7 26. Rc1 Ne8 27. Rc2 Kf8 28. Rd2 Rxd2 29. Bxd2 Kg7 30. Kf3 c6 31. a4 f6 32. exf6+ Kxf6 33. e4 e5 34. h4 Nd6 35. hxg5+ hxg5 36. Bc3 a6 37. Ke3 b5 38. a5 Ke6 39. Kd3 Nc4 40. f3 Kd6 41. Be1 Nb2+ 42. Kc2 Nc4 43. Bf2 Ke6 44. Kc3 Kf6 45. Bc5 1/2-1/2

[Event "Ruhrgebiet Bezirksliga 17/18"]
[Site "Ruhrgebiet"]
[Date "2017.09.03"]
[Round "1.3"]
[White "Roeller, Bernhard"]
[Black "Karmainski, Andreas"]
[Result "0-1"]
[WhiteElo "1801"]
[BlackElo "2106"]
[PlyCount "72"]
[EventDate "2017.09.03"]
[EventType "team-tourn"]
[EventRounds "9"]
[EventCountry "GER"]
[SourceTitle "EXT 2022"]
[Source "ChessBase"]
[SourceDate "2021.10.06"]
[SourceVersion "1"]
[SourceVersionDate "2021.10.06"]
[SourceQuality "1"]
[WhiteTeam "Hamm SG Caissa"]
[BlackTeam "Werl Wickede SG"]
[WhiteTeamCountry "GER"]
[BlackTeamCountry "GER"]

1. e4 e6 2. f4 d5 3. e5 c5 4. c3 Nc6 5. d3 Nge7 6. Nf3 Nf5 7. Be2 Be7 8. 0-0 h5 9. Na3 Qb6 10. Qb3 Qd8 11. Qd1 h4 12. Qe1 d4 13. Nc2 c4 14. Nb4 dxc3 15. Nxc6 bxc6 16. Qxc3 cxd3 17. Bxd3 Qb6+ 18. Rf2 Bc5 19. Qc2 Bxf2+ 20. Qxf2 Qxf2+ 21. Kxf2 Bd7 22. b3 0-0-0 23. Ba3 Kb7 24. Bc5 h3 25. g3 f6 26. Rd1 Bc8 27. g4 Rd5 28. gxf5 Rxc5 29. Bc4 exf5 30. Rd6 Rh6 31. Kg3 fxe5 32. Rxh6 exf4+ 33. Kxf4 gxh6 34. Ng1 Kb6 35. Nxh3 Ba6 36. Be6 Rc2 0-1